|
|
|
|
| LEADER |
00861nam a2200193 i 4500 |
| 003 |
GR-PaULI |
| 005 |
20230308101515.0 |
| 008 |
211230s2010 gr a ||| |||| 00| 0 gre d |
| 952 |
|
|
|0 0
|1 0
|2 ddc
|4 0
|6 759_949000000000000_5_ΚΟΝ
|7 0
|9 369580
|a LISP
|b LISP
|c DON
|d 2023-03-08
|e ΠΑΤ
|i 256804
|l 0
|o 759.949 5 ΚΟΝ
|p 025000291498
|r 2023-03-08 00:00:00
|t 1
|w 2023-03-08
|y BKN
|
| 999 |
|
|
|c 215915
|d 215915
|
| 040 |
|
|
|a GR-PaULI
|b gre
|c GR-PaULI
|e AACR2
|
| 082 |
0 |
4 |
|2 23
|a 759.949 5
|
| 100 |
1 |
|
|9 196521
|a Κονταράτος, Γιάννης,
|d 1968-
|e καλλιτέχνης.
|
| 245 |
1 |
0 |
|a Self-portraits 2001-2010 /
|b
|c Yannis Kondaratos = Αυτοπροσωπογραφίες 2001-2010 / Κονταράτος Γιάννης.
|
| 260 |
|
|
|a [Αθήνα] :
|b About Art,
|c [2010].
|
| 300 |
|
|
|a [36] σ. :
|b εικ. ;
|c 21 εκ.
|
| 500 |
|
|
|a
|
| 942 |
|
|
|2 ddc
|c BK
|
| 998 |
|
|
|c ΜΠΟΥΡΑΣ
|d 2023-03
|